000 00615nam a2200205 i 4500
001 30054
003 ES-MaACL
005 20230906154130.0
007 t|
008 030123s1948 pe ||||1| spa d
100 1 _aBarriga, Víctor M.
_925979
245 1 0 _aMemorias para la historia de Arequipa /
_cVíctor M. Barriga.
260 _aArequipa :
_b[s.n.],
_c1948 (
_fEst. Gráf. La Colmena)
300 _a1 v. ;
_c25 cm.
490 1 _aBiblioteca "Arequipa"
651 4 _aArequipa (Perú)-
_xHistoria.
_9168280
830 0 _aBiblioteca "Arequipa"
_9229318
852 _aES-MaACL
_jP-799
999 _c30054
_d30054